00323nam a22001337a 4500003000400000020001800004082001800022100001800040245004100058250002100099260003800120300001000158650002100168SGT a9788131236994 a617.695bP18A aArvind Shenoy aPhillips Science of Dental Materials a1ST South Asian  aNEW DELHI bELSEVIER INDIA c2018 a1-617 aDental Materials